<?xml version="1.0" encoding="UTF-8"?>
<marc:record xmlns:marc="http://www.loc.gov/MARC21/slim" type="Bibliographic">
   <marc:leader>00000pam a2200000 cb4500</marc:leader>
   <marc:controlfield tag="001">1035027089</marc:controlfield>
   <marc:controlfield tag="003">DE-101</marc:controlfield>
   <marc:controlfield tag="005">20171203102950.0</marc:controlfield>
   <marc:controlfield tag="007">tu</marc:controlfield>
   <marc:controlfield tag="008">130524s2013    au ||||| |||| 00||||ger  </marc:controlfield>
   <marc:datafield ind1=" " ind2=" " tag="015">
      <marc:subfield code="a">14,A09</marc:subfield>
      <marc:subfield code="z">13,N23</marc:subfield>
      <marc:subfield code="2">dnb</marc:subfield>
   </marc:datafield>
   <marc:datafield ind1="7" ind2=" " tag="016">
      <marc:subfield code="2">DE-101</marc:subfield>
      <marc:subfield code="a">1035027089</marc:subfield>
   </marc:datafield>
   <marc:datafield ind1=" " ind2=" " tag="020">
      <marc:subfield code="a">9783222133855</marc:subfield>
      <marc:subfield code="c">Pp.: EUR 16.99 (DE), EUR 16.99 (AT), sfr 24.50 (freier Pr.)</marc:subfield>
      <marc:subfield code="9">978-3-222-13385-5</marc:subfield>
   </marc:datafield>
   <marc:datafield ind1=" " ind2=" " tag="020">
      <marc:subfield code="a">3222133859</marc:subfield>
      <marc:subfield code="9">3-222-13385-9</marc:subfield>
   </marc:datafield>
   <marc:datafield ind1="3" ind2=" " tag="024">
      <marc:subfield code="a">9783222133855</marc:subfield>
   </marc:datafield>
   <marc:datafield ind1=" " ind2=" " tag="035">
      <marc:subfield code="a">(DE-599)DNB1035027089</marc:subfield>
   </marc:datafield>
   <marc:datafield ind1=" " ind2=" " tag="035">
      <marc:subfield code="a">(OCoLC)864478436</marc:subfield>
   </marc:datafield>
   <marc:datafield ind1=" " ind2=" " tag="040">
      <marc:subfield code="a">1145</marc:subfield>
      <marc:subfield code="b">ger</marc:subfield>
      <marc:subfield code="c">DE-101</marc:subfield>
      <marc:subfield code="d">9999</marc:subfield>
   </marc:datafield>
   <marc:datafield ind1=" " ind2=" " tag="041">
      <marc:subfield code="a">ger</marc:subfield>
   </marc:datafield>
   <marc:datafield ind1=" " ind2=" " tag="044">
      <marc:subfield code="c">XA-AT</marc:subfield>
   </marc:datafield>
   <marc:datafield ind1="0" ind2="4" tag="082">
      <marc:subfield code="8">1\u</marc:subfield>
      <marc:subfield code="a">264.2001</marc:subfield>
      <marc:subfield code="q">DE-101</marc:subfield>
      <marc:subfield code="2">22/ger</marc:subfield>
   </marc:datafield>
   <marc:datafield ind1="7" ind2=" " tag="083">
      <marc:subfield code="a">230</marc:subfield>
      <marc:subfield code="q">DE-101</marc:subfield>
      <marc:subfield code="2">23sdnb</marc:subfield>
   </marc:datafield>
   <marc:datafield ind1=" " ind2=" " tag="085">
      <marc:subfield code="8">1\u</marc:subfield>
      <marc:subfield code="b">264.2</marc:subfield>
   </marc:datafield>
   <marc:datafield ind1=" " ind2=" " tag="085">
      <marc:subfield code="8">1\u</marc:subfield>
      <marc:subfield code="z">1</marc:subfield>
      <marc:subfield code="s">01</marc:subfield>
   </marc:datafield>
   <marc:datafield ind1=" " ind2=" " tag="090">
      <marc:subfield code="a">b</marc:subfield>
   </marc:datafield>
   <marc:datafield ind1="1" ind2=" " tag="100">
      <marc:subfield code="0">(DE-588)123006791</marc:subfield>
      <marc:subfield code="0">http://d-nb.info/gnd/123006791</marc:subfield>
      <marc:subfield code="0">(DE-101)123006791</marc:subfield>
      <marc:subfield code="a">Sauer, Hanjo</marc:subfield>
      <marc:subfield code="d">1944-</marc:subfield>
      <marc:subfield code="e">Verfasser</marc:subfield>
      <marc:subfield code="4">aut</marc:subfield>
   </marc:datafield>
   <marc:datafield ind1="0" ind2="0" tag="245">
      <marc:subfield code="a">Liturgie - Spiegel des Kirchenbildes</marc:subfield>
      <marc:subfield code="b">wer das Volk Gottes ist und wie es feiert</marc:subfield>
      <marc:subfield code="c">Hanjo Sauer ; Winfried Haunerland</marc:subfield>
   </marc:datafield>
   <marc:datafield ind1=" " ind2="1" tag="264">
      <marc:subfield code="a">Wien</marc:subfield>
      <marc:subfield code="a">Graz</marc:subfield>
      <marc:subfield code="a">Klagenfurt</marc:subfield>
      <marc:subfield code="b">Styria Premium</marc:subfield>
      <marc:subfield code="c">2013</marc:subfield>
   </marc:datafield>
   <marc:datafield ind1=" " ind2=" " tag="300">
      <marc:subfield code="a">141 S.</marc:subfield>
      <marc:subfield code="b">Ill.</marc:subfield>
      <marc:subfield code="c">21 cm</marc:subfield>
   </marc:datafield>
   <marc:datafield ind1=" " ind2=" " tag="336">
      <marc:subfield code="a">Text</marc:subfield>
      <marc:subfield code="b">txt</marc:subfield>
      <marc:subfield code="2">rdacontent</marc:subfield>
   </marc:datafield>
   <marc:datafield ind1=" " ind2=" " tag="337">
      <marc:subfield code="a">ohne Hilfsmittel zu benutzen</marc:subfield>
      <marc:subfield code="b">n</marc:subfield>
      <marc:subfield code="2">rdamedia</marc:subfield>
   </marc:datafield>
   <marc:datafield ind1=" " ind2=" " tag="338">
      <marc:subfield code="a">Band</marc:subfield>
      <marc:subfield code="b">nc</marc:subfield>
      <marc:subfield code="2">rdacarrier</marc:subfield>
   </marc:datafield>
   <marc:datafield ind1="1" ind2=" " tag="490">
      <marc:subfield code="a">Kardinal-König-Bibliothek</marc:subfield>
      <marc:subfield code="v">Bd. 3</marc:subfield>
   </marc:datafield>
   <marc:datafield ind1=" " ind2=" " tag="500">
      <marc:subfield code="a">Literaturangaben</marc:subfield>
   </marc:datafield>
   <marc:datafield ind1="1" ind2="7" tag="600">
      <marc:subfield code="0">(DE-588)118564358</marc:subfield>
      <marc:subfield code="0">http://d-nb.info/gnd/118564358</marc:subfield>
      <marc:subfield code="0">(DE-101)118564358</marc:subfield>
      <marc:subfield code="a">König, Franz</marc:subfield>
      <marc:subfield code="d">1905-2004</marc:subfield>
      <marc:subfield code="2">gnd</marc:subfield>
   </marc:datafield>
   <marc:datafield ind1="1" ind2="7" tag="600">
      <marc:subfield code="0">(DE-588)118564358</marc:subfield>
      <marc:subfield code="0">http://d-nb.info/gnd/118564358</marc:subfield>
      <marc:subfield code="0">(DE-101)118564358</marc:subfield>
      <marc:subfield code="a">König, Franz</marc:subfield>
      <marc:subfield code="d">1905-2004</marc:subfield>
      <marc:subfield code="2">gnd</marc:subfield>
   </marc:datafield>
   <marc:datafield ind1="2" ind2="7" tag="611">
      <marc:subfield code="0">(DE-588)2024460-5</marc:subfield>
      <marc:subfield code="0">http://d-nb.info/gnd/2024460-5</marc:subfield>
      <marc:subfield code="0">(DE-101)004817613</marc:subfield>
      <marc:subfield code="a">Vatikanisches Konzil</marc:subfield>
      <marc:subfield code="n">2.</marc:subfield>
      <marc:subfield code="d">1962-1965</marc:subfield>
      <marc:subfield code="c">Vatikanstadt</marc:subfield>
      <marc:subfield code="2">gnd</marc:subfield>
   </marc:datafield>
   <marc:datafield ind1="2" ind2="7" tag="611">
      <marc:subfield code="0">(DE-588)4140269-8</marc:subfield>
      <marc:subfield code="0">http://d-nb.info/gnd/4140269-8</marc:subfield>
      <marc:subfield code="0">(DE-101)041402693</marc:subfield>
      <marc:subfield code="a">Vatikanisches Konzil</marc:subfield>
      <marc:subfield code="n">2.</marc:subfield>
      <marc:subfield code="d">1962-1965</marc:subfield>
      <marc:subfield code="c">Vatikanstadt</marc:subfield>
      <marc:subfield code="t">Lumen gentium</marc:subfield>
      <marc:subfield code="2">gnd</marc:subfield>
   </marc:datafield>
   <marc:datafield ind1="2" ind2="7" tag="611">
      <marc:subfield code="0">(DE-588)4178867-9</marc:subfield>
      <marc:subfield code="0">http://d-nb.info/gnd/4178867-9</marc:subfield>
      <marc:subfield code="0">(DE-101)041788672</marc:subfield>
      <marc:subfield code="a">Vatikanisches Konzil</marc:subfield>
      <marc:subfield code="n">2.</marc:subfield>
      <marc:subfield code="d">1962-1965</marc:subfield>
      <marc:subfield code="c">Vatikanstadt</marc:subfield>
      <marc:subfield code="t">Sacrosanctum concilium</marc:subfield>
      <marc:subfield code="2">gnd</marc:subfield>
   </marc:datafield>
   <marc:datafield ind1=" " ind2="7" tag="650">
      <marc:subfield code="0">(DE-588)4167968-4</marc:subfield>
      <marc:subfield code="0">http://d-nb.info/gnd/4167968-4</marc:subfield>
      <marc:subfield code="0">(DE-101)041679687</marc:subfield>
      <marc:subfield code="a">Liturgiereform</marc:subfield>
      <marc:subfield code="2">gnd</marc:subfield>
   </marc:datafield>
   <marc:datafield ind1=" " ind2="7" tag="650">
      <marc:subfield code="0">(DE-588)4163950-9</marc:subfield>
      <marc:subfield code="0">http://d-nb.info/gnd/4163950-9</marc:subfield>
      <marc:subfield code="0">(DE-101)041639502</marc:subfield>
      <marc:subfield code="a">Kirchliche Erneuerung</marc:subfield>
      <marc:subfield code="2">gnd</marc:subfield>
   </marc:datafield>
   <marc:datafield ind1=" " ind2="7" tag="650">
      <marc:subfield code="0">(DE-588)4167968-4</marc:subfield>
      <marc:subfield code="0">http://d-nb.info/gnd/4167968-4</marc:subfield>
      <marc:subfield code="0">(DE-101)041679687</marc:subfield>
      <marc:subfield code="a">Liturgiereform</marc:subfield>
      <marc:subfield code="2">gnd</marc:subfield>
   </marc:datafield>
   <marc:datafield ind1=" " ind2="7" tag="650">
      <marc:subfield code="0">(DE-588)4114204-4</marc:subfield>
      <marc:subfield code="0">http://d-nb.info/gnd/4114204-4</marc:subfield>
      <marc:subfield code="0">(DE-101)041142047</marc:subfield>
      <marc:subfield code="a">Kirchliches Leben</marc:subfield>
      <marc:subfield code="2">gnd</marc:subfield>
   </marc:datafield>
   <marc:datafield ind1=" " ind2=" " tag="653">
      <marc:subfield code="a">(Produktform)Book</marc:subfield>
   </marc:datafield>
   <marc:datafield ind1=" " ind2=" " tag="653">
      <marc:subfield code="a">(VLB-WN)1920: Hardcover, Softcover / Sachbücher/Philosophie, Religion</marc:subfield>
   </marc:datafield>
   <marc:datafield ind1="0" ind2="0" tag="689">
      <marc:subfield code="0">(DE-588)118564358</marc:subfield>
      <marc:subfield code="0">http://d-nb.info/gnd/118564358</marc:subfield>
      <marc:subfield code="0">(DE-101)118564358</marc:subfield>
      <marc:subfield code="D">p</marc:subfield>
      <marc:subfield code="a">König, Franz</marc:subfield>
      <marc:subfield code="d">1905-2004</marc:subfield>
   </marc:datafield>
   <marc:datafield ind1="0" ind2="1" tag="689">
      <marc:subfield code="0">(DE-588)2024460-5</marc:subfield>
      <marc:subfield code="0">http://d-nb.info/gnd/2024460-5</marc:subfield>
      <marc:subfield code="0">(DE-101)004817613</marc:subfield>
      <marc:subfield code="D">f</marc:subfield>
      <marc:subfield code="a">Vatikanisches Konzil</marc:subfield>
      <marc:subfield code="n">2.</marc:subfield>
      <marc:subfield code="d">1962-1965</marc:subfield>
      <marc:subfield code="c">Vatikanstadt</marc:subfield>
   </marc:datafield>
   <marc:datafield ind1="0" ind2="2" tag="689">
      <marc:subfield code="0">(DE-588)4167968-4</marc:subfield>
      <marc:subfield code="0">http://d-nb.info/gnd/4167968-4</marc:subfield>
      <marc:subfield code="0">(DE-101)041679687</marc:subfield>
      <marc:subfield code="D">s</marc:subfield>
      <marc:subfield code="a">Liturgiereform</marc:subfield>
   </marc:datafield>
   <marc:datafield ind1="0" ind2="3" tag="689">
      <marc:subfield code="0">(DE-588)4163950-9</marc:subfield>
      <marc:subfield code="0">http://d-nb.info/gnd/4163950-9</marc:subfield>
      <marc:subfield code="0">(DE-101)041639502</marc:subfield>
      <marc:subfield code="D">s</marc:subfield>
      <marc:subfield code="a">Kirchliche Erneuerung</marc:subfield>
   </marc:datafield>
   <marc:datafield ind1="0" ind2=" " tag="689">
      <marc:subfield code="5">DE-101</marc:subfield>
      <marc:subfield code="5">DE-101</marc:subfield>
   </marc:datafield>
   <marc:datafield ind1="1" ind2="0" tag="689">
      <marc:subfield code="0">(DE-588)118564358</marc:subfield>
      <marc:subfield code="0">http://d-nb.info/gnd/118564358</marc:subfield>
      <marc:subfield code="0">(DE-101)118564358</marc:subfield>
      <marc:subfield code="D">p</marc:subfield>
      <marc:subfield code="a">König, Franz</marc:subfield>
      <marc:subfield code="d">1905-2004</marc:subfield>
   </marc:datafield>
   <marc:datafield ind1="1" ind2="1" tag="689">
      <marc:subfield code="0">(DE-588)4140269-8</marc:subfield>
      <marc:subfield code="0">http://d-nb.info/gnd/4140269-8</marc:subfield>
      <marc:subfield code="0">(DE-101)041402693</marc:subfield>
      <marc:subfield code="D">f</marc:subfield>
      <marc:subfield code="a">Vatikanisches Konzil</marc:subfield>
      <marc:subfield code="n">2.</marc:subfield>
      <marc:subfield code="d">1962-1965</marc:subfield>
      <marc:subfield code="c">Vatikanstadt</marc:subfield>
      <marc:subfield code="t">Lumen gentium</marc:subfield>
   </marc:datafield>
   <marc:datafield ind1="1" ind2="2" tag="689">
      <marc:subfield code="0">(DE-588)4178867-9</marc:subfield>
      <marc:subfield code="0">http://d-nb.info/gnd/4178867-9</marc:subfield>
      <marc:subfield code="0">(DE-101)041788672</marc:subfield>
      <marc:subfield code="D">f</marc:subfield>
      <marc:subfield code="a">Vatikanisches Konzil</marc:subfield>
      <marc:subfield code="n">2.</marc:subfield>
      <marc:subfield code="d">1962-1965</marc:subfield>
      <marc:subfield code="c">Vatikanstadt</marc:subfield>
      <marc:subfield code="t">Sacrosanctum concilium</marc:subfield>
   </marc:datafield>
   <marc:datafield ind1="1" ind2="3" tag="689">
      <marc:subfield code="0">(DE-588)4167968-4</marc:subfield>
      <marc:subfield code="0">http://d-nb.info/gnd/4167968-4</marc:subfield>
      <marc:subfield code="0">(DE-101)041679687</marc:subfield>
      <marc:subfield code="D">s</marc:subfield>
      <marc:subfield code="a">Liturgiereform</marc:subfield>
   </marc:datafield>
   <marc:datafield ind1="1" ind2="4" tag="689">
      <marc:subfield code="0">(DE-588)4114204-4</marc:subfield>
      <marc:subfield code="0">http://d-nb.info/gnd/4114204-4</marc:subfield>
      <marc:subfield code="0">(DE-101)041142047</marc:subfield>
      <marc:subfield code="D">s</marc:subfield>
      <marc:subfield code="a">Kirchliches Leben</marc:subfield>
   </marc:datafield>
   <marc:datafield ind1="1" ind2=" " tag="689">
      <marc:subfield code="5">DE-101</marc:subfield>
      <marc:subfield code="5">DE-101</marc:subfield>
   </marc:datafield>
   <marc:datafield ind1="1" ind2=" " tag="700">
      <marc:subfield code="0">(DE-588)118027433</marc:subfield>
      <marc:subfield code="0">http://d-nb.info/gnd/118027433</marc:subfield>
      <marc:subfield code="0">(DE-101)118027433</marc:subfield>
      <marc:subfield code="a">Haunerland, Winfried</marc:subfield>
      <marc:subfield code="d">1956-</marc:subfield>
      <marc:subfield code="e">Verfasser</marc:subfield>
      <marc:subfield code="4">aut</marc:subfield>
   </marc:datafield>
   <marc:datafield ind1="1" ind2=" " tag="700">
      <marc:subfield code="0">(DE-588)17619181X</marc:subfield>
      <marc:subfield code="0">http://d-nb.info/gnd/17619181X</marc:subfield>
      <marc:subfield code="0">(DE-101)17619181X</marc:subfield>
      <marc:subfield code="a">Kirchschläger, Walter</marc:subfield>
      <marc:subfield code="e">Herausgeber</marc:subfield>
      <marc:subfield code="4">edt</marc:subfield>
   </marc:datafield>
   <marc:datafield ind1=" " ind2="0" tag="830">
      <marc:subfield code="a">Kardinal-König-Bibliothek</marc:subfield>
      <marc:subfield code="v">Bd. 3</marc:subfield>
      <marc:subfield code="w">(DE-101)1028494793</marc:subfield>
      <marc:subfield code="9">13</marc:subfield>
      <marc:subfield code="7">am</marc:subfield>
   </marc:datafield>
   <marc:datafield ind1=" " ind2=" " tag="850">
      <marc:subfield code="a">DE-101a</marc:subfield>
   </marc:datafield>
   <marc:datafield ind1="4" ind2="2" tag="856">
      <marc:subfield code="m">B:DE-101</marc:subfield>
      <marc:subfield code="q">application/pdf</marc:subfield>
      <marc:subfield code="u">http://d-nb.info/1035027089/04</marc:subfield>
      <marc:subfield code="3">Inhaltsverzeichnis</marc:subfield>
   </marc:datafield>
   <marc:datafield ind1="4" ind2="2" tag="856">
      <marc:subfield code="m">X:MVB</marc:subfield>
      <marc:subfield code="q">text/html</marc:subfield>
      <marc:subfield code="u">http://deposit.dnb.de/cgi-bin/dokserv?id=4346408&amp;prov=M&amp;dok_var=1&amp;dok_ext=htm</marc:subfield>
      <marc:subfield code="3">Inhaltstext</marc:subfield>
   </marc:datafield>
   <marc:datafield ind1="r" ind2=" " tag="925">
      <marc:subfield code="a">ra</marc:subfield>
   </marc:datafield>
</marc:record>
